Art of Sind / (Record no. 523779)
[ view plain ]
| 000 -LEADER | |
|---|---|
| fixed length control field | 00358nam a22001457a 4500 |
| 003 - CONTROL NUMBER IDENTIFIER | |
| control field | NUST |
| 038 ## - RECORD CONTENT LICENSOR | |
| Staff Name | waseem |
| 082 ## - DEWEY DECIMAL CLASSIFICATION NUMBER | |
| Classification number | 709.54918 |
| Author Mark | ALL |
| 100 ## - MAIN ENTRY--PERSONAL NAME | |
| Personal name | Allana, Ghulam Ali |
| 9 (RLIN) | 14550 |
| 245 ## - TITLE STATEMENT | |
| Title | Art of Sind / |
| Statement of responsibility, etc. | Ghulam Ali Allana |
| 260 ## - PUBLICATION, DISTRIBUTION, ETC. | |
| Place of publication, distribution, etc. | Islamabad : |
| Name of publisher, distributor, etc. | Lok Virsa Publishing House , |
| Date of publication, distribution, etc. | N.D. |
| 300 ## - PHYSICAL DESCRIPTION | |
| Extent | 93 p. ; |
| 500 ## - GENERAL NOTE | |
| General note | Hardcover. |
| 942 ## - ADDED ENTRY ELEMENTS (KOHA) | |
| Source of classification or shelving scheme | |
| Koha item type | Book |
| Withdrawn status | Lost status | Source of classification or shelving scheme | Damaged status | Not for loan | Permanent Location | Current Location | Date acquired | Total Checkouts | Full call number | Barcode | Date last seen | Price effective from | Koha item type |
|---|---|---|---|---|---|---|---|---|---|---|---|---|---|
| Central Library (CL) | Central Library (CL) | 05/27/2019 | 709.54918 ALL | CL-E-2005 | 05/27/2019 | 05/27/2019 | Book |
